Normal view
MARC view
- فهمي، محمد عبد الباقي
Entry Personal Name
001 - CONTROL NUMBER
- control field: 37874
003 - CONTROL NUMBER IDENTIFIER
- control field: JO-AjAnu
005 - DATE AND TIME OF LATEST TRANSACTION
- control field: 20230606080319.0
008 - FIXED-LENGTH DATA ELEMENTS
- fixed length control field: 230606|| aca||aabn | a|a d
040 ## - CATALOGING SOURCE
- Original cataloging agency: JO-AjAnu
- Transcribing agency: JO-AjAnu
100 ## - HEADING--PERSONAL NAME
- Personal name: فهمي، محمد عبد الباقي
670 ## - SOURCE DATA FOUND
- Source citation: Work cat.: (JO-AjAnu)19433: فهمي، محمد عبد الباقي, author, اليد في ضوء القرآن والسنة والضمير الإنسامي : عجائب وأسرار